| 000 | 00551nam a22001937a 4500 | ||
|---|---|---|---|
| 003 | NUST - PNEC | ||
| 005 | 20170116181127.0 | ||
| 008 | 151006b xxu||||| |||| 00| 0 eng d | ||
| 020 | _a0070134952 | ||
| 020 | _a9780070134959 | ||
| 040 | _cLIBRARY | ||
| 082 | _a658.15 GHA | ||
| 100 |
_913738 _aGharghori, Philip |
||
| 245 |
_aFinancial management _cPhilip Gharghori |
||
| 260 |
_aAustralia: _bMcGraw-Hill Australia Pvt.Ltd., _cc2007. |
||
| 300 | _a556 p.: | ||
| 650 |
_913739 _aBusiness enterprises, corporative finance _xMIS |
||
| 942 |
_2ddc _cBK |
||
| 999 |
_c69800 _d69800 |
||